书目信息 |
| 题名: |
英国文学史及选读
|
|
| 作者: | 李正栓 , 吴伟仁 , 吴晓梅 编著 | |
| 分册: | 第1册 | |
| 出版信息: | 北京 外语教学与研究出版社 2021.08 |
|
| 页数: | 243页 | |
| 开本: | 26cm | |
| 丛书名: | ||
| 单 册: | ||
| 中图分类: | H319.4:I | |
| 科图分类: | ||
| 主题词: | 英语--ying yu--阅读教学--高等学校--教材 , 英国文学--ying guo wen xue--文学史--高等学校--教材 | |
| 电子资源: | ||
| ISBN: | 978-7-5213-2916-2 | |
| 000 | 01413nam0 2200277 450 | |
| 001 | 011025153543 | |
| 005 | 20221025153543.0 | |
| 010 | @a978-7-5213-2916-2@dCNY49.90 | |
| 100 | @a20201004d2021 em y0chiy0120 ea | |
| 101 | 0 | @achi@aeng |
| 102 | @aCN@b110000 | |
| 105 | @ay z 000zy | |
| 106 | @ar | |
| 200 | 1 | @a英国文学史及选读@Aying guo wen xue shi ji xuan du@dHistory and anthology of English literature@h第1册@f李正栓, 吴伟仁, 吴晓梅编著@zeng |
| 205 | @a第2版 | |
| 210 | @a北京@c外语教学与研究出版社@d2021.08 | |
| 215 | @a243页@d26cm | |
| 330 | @a本书按历史年代编写,集诗歌、小说、戏剧和散文为一书。作家按出生年月排序。本书编写体例是:分成若干部分(Part),每部分含若干章(Chapter)。每章中内容顺序基本是:作家生平和作品介绍(Lifeandworks)、故事梗概(Outline)(有的作家没有)、简单评论(Briefcomment)、作品选读(Selection)、注释(Notes)和思考题(Forstudyanddiscussion)。本书囊括各时期重要作家及其代表作品,共68位作家(含诗人、小说家、戏剧家、散文,第一册32个,第二册36个),选篇120个(第一册52个,第二册68个),贯穿整个英国文学进程。 | |
| 510 | 1 | @aHistory and anthology of English literature@zeng |
| 606 | 0 | @a英语@Aying yu@x阅读教学@x高等学校@j教材 |
| 606 | 0 | @a英国文学@Aying guo wen xue@x文学史@x高等学校@j教材 |
| 690 | @aH319.4:I@v5 | |
| 701 | 0 | @a李正栓@Ali zheng shuan@4编著 |
| 701 | 0 | @a吴伟仁@Awu wei ren@4编著 |
| 701 | 0 | @a吴晓梅@Awu xiao mei@4编著 |
| 905 | @a河南城建学院图书馆@dH319.4:I@eL3361 | |
| 英国文学史及选读=History and anthology of English literature.第1册/李正栓, 吴伟仁, 吴晓梅编著.-第2版.-北京:外语教学与研究出版社,2021.08 |
| 243页;26cm |
| ISBN 978-7-5213-2916-2:CNY49.90 |
| 本书按历史年代编写,集诗歌、小说、戏剧和散文为一书。作家按出生年月排序。本书编写体例是:分成若干部分(Part),每部分含若干章(Chapter)。每章中内容顺序基本是:作家生平和作品介绍(Lifeandworks)、故事梗概(Outline)(有的作家没有)、简单评论(Briefcomment)、作品选读(Selection)、注释(Notes)和思考题(Forstudyanddiscussion)。本书囊括各时期重要作家及其代表作品,共68位作家(含诗人、小说家、戏剧家、散文,第一册32个,第二册36个),选篇120个(第一册52个,第二册68个),贯穿整个英国文学进程。 |
| ● |
| 相关链接 |
|
|
|
正题名:英国文学史及选读
索取号:H319.4:I/L3361
 
预约/预借
| 序号 | 登录号 | 条形码 | 馆藏地/架位号 | 状态 | 备注 |
| 1 | 1588434 | 215884345 | 语言库209/209语言库 54排2列6层/ [索取号:H319.4:I/L3361] | 在馆 | |
| 2 | 1588435 | 215884354 | 语言库209/209语言库 54排2列6层/ [索取号:H319.4:I/L3361] | 在馆 |